000
00352nam a2200169Ia 4500
100
_a
Lesikar/ Peltit.
650
_a
General
250
_a
10
942
_c
RB
654
_a
business
245
_a
Report Writing for Business
260
_b
Mc Graw Hill
_c
1998
082
_a
808.066
_b
LES/PET
300
_a
439
546
_a
ENGLISH
999
_c
27308
_d
27308